01274nam a2200217 a 4500001001500000003000400015005001700019008004100036020003500077020003000112040000700142082001100149100004500160245010600205250001800311260003800329300002100367520053700388650004900925856008200974ASIN4897375207OSt20180116192417.0130802s2006 xxu eng d a4897375207 (hardcover)c$55.00 a9784897375205 (hardcover) c00 a729.281 aAssociates, Kaoru and Lighting Planners.10aLighting design :bfor urban environments and architecture /cKaoru and Lighting Planners Associates. aBilingual ed. aTokyo :bAzur Corporation,c2005. a208 p. ;c30 cm. aThis book showcases a wide variety of ingenious lighting solutions both functional and purely creative by Lighting Planners Associates Inc. It features a huge range of projects, including office buildings, pedestrian zones, memorials, retail outlets, hospitals, arts centres, museums, and religious buildings. Lighting Planners Associates Inc., formed in 1990, is a group of lighting specialists established with the purpose of producing superior lighting environments, thus contributing to the culture of architecture and lighting. aLighting, Architectural and decorativzJapan403Amazon.comuhttp://www.amazon.com/exec/obidos/ASIN/4897375207/chopaconline-20